| 000 | 00664nam a2200289Ia 4500 | ||
|---|---|---|---|
| 005 | 20260324130931.0 | ||
| 008 | 008 260324s9999 xx 000 0 eng d | ||
| 020 | _a9780203944660 | ||
| 037 | _aEBOOK | ||
| 040 | _aCRL | ||
| 040 | _beng | ||
| 040 | _cCRL | ||
| 041 | _2eng | ||
| 041 | _aeng | ||
| 084 | _qCRL | ||
| 100 |
_aFrancois Debrix _91183595 |
||
| 245 | 0 | _aTabloid Terror | |
| 245 | 0 | _bWar, Culture, and Geopolitics | |
| 260 | _bTaylor and Francis | ||
| 260 | _c2007 | ||
| 365 | _a | ||
| 365 | _b300 | ||
| 856 | _uhttp://www.taylorfrancis.com/books/9780203944660 | ||
| 942 | _cEBOOK | ||
| 999 |
_c1780309 _d1780309 |
||